| 000 | 00489cam a22001457a 4500 | ||
|---|---|---|---|
| 008 | 180718b1996 xxu||||| |||| 00| 0 eng d | ||
| 082 | _aT421 B224 | ||
| 100 | _aBaneth, Jean | ||
| 245 |
_aSelecting development projects for the World Bank _cby Jean Baneth |
||
| 260 |
_aWashington, D.C. _bThe World Bank _c1996 |
||
| 300 | _a75p. | ||
| 440 | _aWorld Bank discussion paper; no.322 | ||
| 650 | _aEconomic development projects - Evaluation | ||
| 650 | _aEconomic development projects - Finance | ||
| 999 |
_c268004 _d268004 |
||